000 00619nam a2200181Ia 4500
008 100920s9999 xx 000 0 und d
082 _b40926
_a--- थ 79
100 _aअनु. आपटे वा. शि./ चेस जेम्स हॅडले
245 _aदुहेरी फास.
260 _bमनोरंजन प्रकाशन ,मुंबई 7.
_c1979
300 _a153
_bसाधी
365 _b12
520 _aकादंबरी.
630 _aदुहेरी फास.
650 _aकादंबरी.
730 _aदुहेरी फास.
942 _cBOOK
999 _c691822
_d691819